Principles of community health (Record no. 84614)

MARC details
000 -LEADER
fixed length control field 00554nam a22002057a 4500
003 - CONTROL NUMBER IDENTIFIER
control field URS
005 - DATE AND TIME OF LATEST TRANSACTION
control field 20250828100449.0
008 - FIXED-LENGTH DATA ELEMENTS--GENERAL INFORMATION
fixed length control field 250402b ||||| |||| 00| 0 eng d
040 ## - CATALOGING SOURCE
Transcribing agency URS
050 ## - LIBRARY OF CONGRESS CALL NUMBER
Classification number RA425
Item number .S643 1977
100 ## - MAIN ENTRY--PERSONAL NAME
9 (RLIN) 12011
Personal name Smolensky, Jack
245 ## - TITLE STATEMENT
Title Principles of community health
264 ## - PRODUCTION, PUBLICATION, DISTRIBUTION, MANUFACTURE, AND COPYRIGHT NOTICE
Place of production, publication, distribution, manufacture Philadelphia
Name of producer, publisher, distributor, manufacturer Saunders
Date of production, publication, distribution, manufacture, or copyright notice ©1977
336 ## - CONTENT TYPE
Source rdacontent
Content type term text
337 ## - MEDIA TYPE
Source rdamedia
Media type term unmediated
338 ## - CARRIER TYPE
Source rdacarrier
Carrier type term volume
650 #0 - SUBJECT ADDED ENTRY--TOPICAL TERM
9 (RLIN) 6873
Topical term or geographic name entry element Public Health
650 #0 - SUBJECT ADDED ENTRY--TOPICAL TERM
9 (RLIN) 12012
Topical term or geographic name entry element Community Health Services
942 ## - ADDED ENTRY ELEMENTS (KOHA)
Source of classification or shelving scheme Library of Congress Classification
Koha item type Continuing Resources
Holdings
Withdrawn status Source of classification or shelving scheme Damaged status Not for loan Collection code Home library Current library Date acquired Total Checkouts Full call number Barcode Date last seen Copy number Price effective from Koha item type
  Library of Congress Classification     Non-fiction Morong Graduate Library Morong Graduate Library 04/02/2025   RA425 .S643 1977 URSMOR-GL-076 04/02/2025 1 04/02/2025 Continuing Resources
  Library of Congress Classification     Non-fiction Morong Graduate Library Morong Graduate Library 04/02/2025   RA425 .S643 1977 URSMOR-GL-077 04/02/2025 2 04/02/2025 Continuing Resources

University of Rizal System
Email us at univlibservices@urs.edu.ph

Visit our Website www.urs.edu.ph/library